Central Library OPAC University of Rajshahi

আমার দার্শনিক চিন্তার ক্রমবিকাশ / (Record no. 40162)

MARC details
000 -LEADER
fixed length control field 00934nam a2200241 a 4500
001 - CONTROL NUMBER
control field 40162
003 - CONTROL NUMBER IDENTIFIER
rucl marc code BD-RjUL
005 - DATE AND TIME OF LATEST TRANSACTION
control field 20211209053141.0
008 - FIXED-LENGTH DATA ELEMENTS--GENERAL INFORMATION
fixed length control field 160423s1990 bg ||||| |||| 00| 0 ben d
020 ## - INTERNATIONAL STANDARD BOOK NUMBER
Terms of availability : TK 70.00
035 ## - SYSTEM CONTROL NUMBER
System control number (BD-RjUL)40277
040 ## - CATALOGING SOURCE
Original cataloging agency BD-RjUL
Language of cataloging ben
Transcribing agency BD-RjUL
041 ## - LANGUAGE CODE
Language code of text/sound track or separate title ben
082 ## - DEWEY DECIMAL CLASSIFICATION NUMBER
Edition number 23
Classification number 100
Author mark and year RAA 1990
100 ## - MAIN ENTRY--PERSONAL NAME
Personal name রাসেল, বার্টান্ড
9 (RLIN) 123654
245 10 - TITLE STATEMENT
Title আমার দার্শনিক চিন্তার ক্রমবিকাশ /
Statement of responsibility, etc. বার্টান্ড রাসেল ; রশীদুল আলম অনুবাদ
260 ## - PUBLICATION, DISTRIBUTION, ETC. (IMPRINT)
Place of publication, distribution, etc. ঢাকা :
Name of publisher, distributor, etc. বাংলা একাডেমী,
Date of publication, distribution, etc. ১৯৯০
300 ## - PHYSICAL DESCRIPTION
Pagination [১০], ২৫০ পৃ. ;
Size ২১ সেমি
650 ## - SUBJECT ADDED ENTRY--TOPICAL TERM
Topical term or geographic name as entry element দর্শন
9 (RLIN) 123655
Topical term or geographic name as entry element Philosophy
9 (RLIN) 123656
700 ## - ADDED ENTRY--PERSONAL NAME
Personal name আলম, রশীদুল, অনুবাদ
942 ## - ADDED ENTRY ELEMENTS (KOHA)
Source of classification or shelving scheme Dewey Decimal Classification
Koha item type Books
Holdings
Lost status Source of classification or shelving scheme Damaged status Not for loan Collection code Permanent Location Current Location Shelving location Date acquired Source of acquisition Total Checkouts Full call number Date last seen Date checked out Copy number Koha item type
  Dewey Decimal Classification     Non-fiction Central Library, University of Rajshahi Central Library, University of Rajshahi   23/09/1992 Bangla Academy, Dhaka 1 B 100 RAA 1990 27/12/2017 09/11/2017 C-2 Books